Исследование процесса комплексной переработки топазового концентрата месторождения "Копна"; Университетская научно-практическая отчетная конференция студентов и молодых ученых; 14-16 мая 2003, г. Томск

Podrobná bibliografie
Parent link:Университетская научно-практическая отчетная конференция студентов и молодых ученых; 14-16 мая 2003, г. Томск.— 2003.— С. 40
Hlavní autor: Алексеева А. А.
Další autoři: Козлов С. А.
Jazyk:ruština
Vydáno: 2003
Témata:
Médium: MixedMaterials Kapitola
KOHA link:https://koha.lib.tpu.ru/cgi-bin/koha/opac-detail.pl?biblionumber=108082

MARC

LEADER 00000naa2a2200000 4500
001 108082
005 20231031115519.0
035 |a (RuTPU)RU\TPU\book\116675 
090 |a 108082 
100 |a 20070112d2003 k y0rusy50 ca 
101 0 |a rus 
102 |a RU 
200 1 |a Исследование процесса комплексной переработки топазового концентрата месторождения "Копна"  |f А. А. Алексеева, С. А. Козлов 
320 |a Библиогр.: 1 назв. 
463 0 |0 (RuTPU)RU\TPU\book\62675  |y 5-98298-044-7  |t Университетская научно-практическая отчетная конференция студентов и молодых ученых; 14-16 мая 2003, г. Томск  |o Сборник тезисов  |f Томский политехнический университет. Физико-технический факультет  |v С. 40  |d 2003  |p 58 с. 
610 1 |a комплексная переработка 
610 1 |a топазы 
610 1 |a месторождения 
610 1 |a Копна 
610 1 |a труды учёных ТПУ 
700 1 |a Алексеева  |b А. А. 
701 1 |a Козлов  |b С. А. 
801 1 |a RU  |b 63413507  |c 20070112  |g PSBO 
942 |c BK